Every Bundesliga Team ever - Statistics

General Stats
  • This quiz has been taken 23 times
    8 since last reset
  • The average score is 43 of 58
Answer Stats
Place Answer Years Titles % Correct
11. 1. FC Kaiserslautern 44 2
100%
9. 1. FC Köln 51+ 2
100%
36. Alemannia Aachen 4 0
100%
25. Arminia Bielefeld 19 0
100%
10. Bayer 04 Leverkusen 45+ 1
100%
5. BorussiaMönchengladbach 56+ 5
100%
2. Borussia Dortmund 57+ 5
100%
21. Eintracht Braunschweig 21 1
100%
7. FC Schalke 04 54 0
100%
18. Fortuna Düsseldorf 25 0
100%
6. Hamburger SV 55 3
100%
16. Hannover 96 30 0
100%
20. Karlsruher SC 24 0
100%
32. Rot-Weiss Essen 7 0
100%
53. SC Fortuna Köln 1 0
100%
41. SV Darmstadt 98 5 0
100%
13. VfL Bochum 37+ 0
100%
15. VfL Wolfsburg 27 1
100%
3. Werder Bremen 59+ 4
100%
14. 1. FC Nürnberg 33 1
75%
34. 1. FC Union Berlin 5+ 0
75%
23. 1. FSV Mainz 05 18+ 0
75%
39. Dynamo Dresden 4 0
75%
44. FC 08 Homburg 3 0
75%
28. FC Augsburg 13+ 0
75%
1. FC Bayern München 59+ 32
75%
33. FC St. Pauli 8+ 0
75%
29. Hansa Rostock 12 0
75%
12. Hertha BSC 40 0
75%
58. Holstein Kiel 0+
75%
31. Kickers Offenbach 7 0
75%
17. MSV Duisburg 28 0
75%
54. Preußen Münster 1 0
75%
40. Rot-Weiß Oberhausen 4 0
75%
48. SC Paderborn 07 2 0
75%
37. SG Wattenscheid 09 4 0
75%
51. SpVgg Greuther Fürth 2 0
75%
52. SSV Ulm 1846 1 0
75%
46. Stuttgarter Kickers 2 0
75%
24. TSG 1899 Hoffenheim 16+ 0
75%
22. TSV 1860 München 20 1
75%
4. VfB Stuttgart 57+ 3
75%
42. Wuppertaler SV 3 0
75%
55. Blau-Weiß 90 Berlin 1 0
50%
8. Eintracht Frankfurt 55+ 0
50%
35. Energie Cottbus 6 0
50%
47. FC Ingolstadt 04 2 0
50%
26. KFC Uerdingen 05 14 0
50%
19. SC Freiburg 24+ 0
50%
57. SC Tasmania 1900 Berlin 1 0
50%
45. SpVgg Unterhaching 2 0
50%
49. Tennis Borussia Berlin 2 0
50%
56. VfB Leipzig 1 0
50%
38. 1. FC Saarbrücken 5 0
25%
27. RB Leipzig 8+ 0
25%
30. SV Waldhof Mannheim 7 0
25%
50. 1. FC Heidenheim 1+ 0
0%
43. Borussia Neunkirchen 3 0
0%
No matching quizzes found
Score Distribution
Percent of People with Each Score
Percentile by Number Answered
Your Score History
You have not taken this quiz since the last reset